Geography Quiz

Random Geography or World Quiz

Ultimate Border Challenge: 'A' Quiz Stats

 Plays Quiz Updated Jul 14, 2016

Challenge
Share
Tweet
Embed
Score 0/44 Timer 03:00
1 Play Today
% Correct
France
94.4%
Brazil
93.5%
Chile
92.1%
Spain
92%
Germany
90.4%
Pakistan
88.7%
Iran
88.1%
Iran
88.1%
Iran
88.1%
Uruguay
86.2%
Paraguay
86%
Switzerland
81.7%
Morocco
81%
Russia
80.5%
Bolivia
79.9%
Libya
78.3%
Italy
78.3%
Tunisia
76.9%
Greece
76.8%
Georgia
75.3%
Georgia
75.3%
Turkey
75.3%
% Correct
Turkey
75.3%
Hungary
74.7%
Czechia
74.3%
Azerbaijan
70.7%
Macedonia
69.4%
Slovakia
69.2%
Slovenia
68.5%
Turkmenistan
67.5%
Mali
67.3%
Montenegro
65%
Armenia
64.8%
Namibia
64.4%
Kosovo
64%
Uzbekistan
63.8%
Niger
63.5%
China
62.9%
Tajikistan
61.7%
Dem. Rep. Congo
60.6%
Liechtenstein
58.7%
Mauritania
57%
Rep. Congo
47.4%
Zambia
45.3%

You're not logged in!

Compare scores with friends on all Sporcle quizzes.
Join for Free
OR
Log In

You Might Also Like...

Show Comments

Extras

Top Quizzes Today


Score Distribution

Your Account Isn't Verified!

In order to create a playlist on Sporcle, you need to verify the email address you used during registration. Go to your Sporcle Settings to finish the process.

Report this User

Report this user for behavior that violates our Community Guidelines.

Details: